Name All ELLOS Characters - Statistics

General Stats
  • This quiz has been taken 17 times
  • The average score is 19 of 30
Answer Stats
Type 'em all! % Correct
Caveman
94%
Debil
94%
Portero
94%
ROX BOX
94%
Tigre
94%
Babosa
81%
Bitter
81%
Dawn
81%
Death Spinner
81%
Dominico
81%
SOL
81%
Blue Chilbo
75%
Chairbo
75%
Chibbling Hook
75%
Chilbo
69%
Eduardo
69%
Weegee
69%
Frederick
63%
Him
63%
Misfit Head
63%
ELLOS RANGER
56%
Guardian
56%
jonAmo
50%
Tapixke
50%
Ueue
31%
Woah Bros
25%
Finn McSlide
19%
Greatest Model
13%
Sun Guardian
6%
The Mulligans
6%
No matching quizzes found
Score Distribution
Percent of People with Each Score
Percentile by Number Answered
Your Score History
You have not taken this quiz